000 00275nam a22001337a 4500
008 210511b ||||| |||| 00| 0 eng d
041 _aeng
080 _a902
082 _a902
100 _a45
101 _aARK
245 _aLouvre the visit
_cQuoniam,P
942 _2udc
_cBK
999 _c57262
_d57262